Rumah kumbang

Bibliographic Details
Format: Book
Published: Kuala Lumpur : Fargoes , 2005
Series:Siri adikku rajin membaca
Subjects:

MARC

LEADER 00000cam a2200000 7i4500
001 0000007726
005 20070925.0
008 070906
020 |a 9833313124 
090 0 0 |a JF   |b JAW (8629) 
245 1 0 |a Rumah kumbang 
260 |a Kuala Lumpur :   |b Fargoes ,   |c 2005 
300 |a 1 compact disc 
440 |a Siri adikku rajin membaca 
650 0 |a Jawi   |x Fiction 
999 |a 0000903486   |b Book   |c Children Collection   |e Cawangan Mersing 
999 |a 0000903487   |b Book   |c Children Collection   |e Cawangan Mersing 
999 |a 0000903490   |b Book   |c Children Collection   |e Cawangan Tangkak 
999 |a 0000903491   |b Book   |c Children Collection   |e Cawangan Tmn. Ungku Tun Aminah 
999 |a 0000903492   |b Book   |c Children Collection   |e Cawangan Tmn. Ungku Tun Aminah 
999 |a 0000903493   |b Book   |c Children Collection   |e Cawangan Sri Merlong 
999 |a 0000903494   |b Book   |c Children Collection   |e Cawangan Sri Merlong 
999 |a 0000990995   |b Book   |c Children Collection   |e Perbadanan Perpustakaan Awam Johor 
999 |a 0000990996   |b Book   |c Children Collection   |e Perbadanan Perpustakaan Awam Johor 
999 |a 0000990997   |b Book   |c Children Collection   |e Perbadanan Perpustakaan Awam Johor